书目信息 |
| 题名: |
21世纪大学英语助读 Book1
|
|
| 作者: | 王楚安 编著 | |
| 分册: | ||
| 出版信息: | 上海 华东理工大学出版社 2000.09 |
|
| 页数: | 361页 | |
| 开本: | 26cm | |
| 丛书名: | 21世纪大学英语助读系列丛书 | |
| 单 册: | ||
| 中图分类: | H319.4 | |
| 科图分类: | ||
| 主题词: | 英语 | |
| 电子资源: | ||
| ISBN: | 7-5628-1079-6 | |
| 000 | 00663nam0 2200217 45 | |
| 001 | 0458710239 | |
| 005 | 2004051216183002 | |
| 010 | @a7-5628-1079-6@dCNY 23.00 | |
| 100 | @a20040512d2000 km y0chiy0120 ea | |
| 101 | 0 | @achi |
| 102 | @aCN@b310000 | |
| 200 | 1 | @a21世纪大学英语助读 Book1@A21 Shi Ji Da Xue Ying Yu Zhu Du Book1@f王楚安等编著@FWang Chu An Deng Bian Zhu |
| 210 | @a上海@c华东理工大学出版社@d2000.09 | |
| 215 | @a361页@d26cm | |
| 225 | 2 | @a21世纪大学英语助读系列丛书 |
| 410 | 0 | @12001 @a21世纪大学英语助读系列丛书 |
| 606 | 0 | @a英语 |
| 690 | @aH319.4@v4 | |
| 701 | 0 | @a王楚安@AWang Chu An@4编著 |
| 801 | 0 | @aCN@bPFT@c20040512 |
| 905 | @dH319.4@eW130 | |
| 21世纪大学英语助读 Book1/王楚安等编著.-上海:华东理工大学出版社,2000.09 |
| 361页;26cm.-(21世纪大学英语助读系列丛书) |
| ISBN 7-5628-1079-6:CNY 23.00 |
| ● |
| 相关链接 |
|
|
|
正题名:21世纪大学英语助读 Book1
索取号:H319.4/W130
 
预约/预借
| 序号 | 登录号 | 条形码 | 馆藏地/架位号 | 状态 | 备注 |
| 1 | 397040 | 203970408 | 语言库209/209语言库 19排2列3层/ [索取号:H319.4/W130] | 在馆 | |
| 2 | 397041 | 203970417 | 语言库209/209语言库 19排2列3层/ [索取号:H319.4/W130] | 在馆 | |
| 3 | 397042 | 203970426 | 语言库209/209语言库 19排2列3层/ [索取号:H319.4/W130] | 在馆 |